| 000 -CABECERA |
| fixed length control field |
00984nam a22002537a 4500 |
| 003 - IDENTIFICADOR DEL NÚMERO DE CONTROL |
| control field |
AR-CdUCM |
| 008 - DATOS DE LONGITUD FIJA--INFORMACIÓN GENERAL |
| fixed length control field |
190308b ||||| |||| 00| 0 spa d |
| 040 ## - FUENTE DE LA CATALOGACIÓN |
| Agencia/entidad que catalogó originalmente la obra |
MUNICIPALIDAD PROVINCIAL DEL CUSCO |
| Entidad que transcribió la catalogación |
BIBLIOTECA MUNICIPAL DEL CUSCO |
| 082 ## - NÚMERO DE LA CLASIFICACIÓN DECIMAL DEWEY |
| No. de Clasificación |
796.08 / |
| Notacion interna |
AT86 |
| 110 ## - ENTRADA PRINCIPAL--NOMBRE DE ENTIDAD CORPORATIVA |
| Nombre de la institución, jurisdicción como entrada principal |
The athletic institute |
| 9 (RLIN) |
13741 |
| 245 ## - MENCIÓN DE TÍTULO |
| Título |
Mejore su natación / |
| 260 ## - PUBLICACIÓN, DISTRIBUCIÓN, ETC. |
| Lugar de publicación, distribución, etc. |
México, D. F : |
| Nombre de la editorial, distribuidor, etc. |
Centro Regional de Ayuda Técnica, Agencia para el Desarrollo Internacional, |
| 300 ## - DESCRIPCIÓN FÍSICA |
| Nº de Páginas Extensión |
55 paginas ; |
| Otros detalles físicos |
Fotografías, |
| Dimensiones |
21 cm. |
| 505 ## - NOTA DE CONTENIDO CON FORMATO |
| Nota de contenido formateada |
Acostúmbrese al agua -- Zambullida de cabeza -- Aprendiendo a nadar -- La brazada elemental -- Brazada de dorso elemental -- Brazada de costado -- Acción de la pierna ... |
| 650 ## - PUNTO DE ACCESO ADICIONAL DE MATERIA--TÉRMINO DE MATERIA |
| Descriptor |
Natación |
| 9 (RLIN) |
13742 |
| 650 ## - PUNTO DE ACCESO ADICIONAL DE MATERIA--TÉRMINO DE MATERIA |
| Descriptor |
Deporte |
| 9 (RLIN) |
12343 |
| 650 ## - PUNTO DE ACCESO ADICIONAL DE MATERIA--TÉRMINO DE MATERIA |
| Descriptor |
Educación física |
| 9 (RLIN) |
13743 |
| 700 ## - PUNTO DE ACCESO ADICIONAL--NOMBRE DE PERSONA |
| Nombre Personal |
Robertson, David H. |
| 9 (RLIN) |
13744 |
| 700 ## - PUNTO DE ACCESO ADICIONAL--NOMBRE DE PERSONA |
| Nombre Personal |
Russell, Charles W. |
| 9 (RLIN) |
13745 |
| 942 ## - ELEMENTOS DE PUNTO DE ACCESO ADICIONAL (KOHA) |
| Fuente de clasificación |
|
| Tipo de item |
Libros-BMC |
| 945 ## - PROCESAMIENTO DE INFORMACIÓN LOCAL (OCLC) |
| Catalogador |
acv |